Statistics for British Car Brands

Click here to take the quiz!

General Stats

  • This quiz has been taken 33 times
  • The average score is 4 of 7

Answer Stats

Car Brands% Correct
Jaguar
77%
Rolls Royce
77%
Aston Martin
70%
Land Rover
60%
Bentley
57%
Mini
50%
McLaren
33%

Score Distribution

Percentile by Number Answered

Percent of People with Each Score

Your Score History

You have not taken this quiz